000 00675nam a2200253Ia 4500
003 OSt
005 20220925223310.0
006 a|||||r|||| 00| 0
007 ta
008 220923b |||||||| |||| 00| 0 eng d
020 _a041508962X
037 _cGeneral Book
040 _aRTL
_cRTL
_beng
041 _2eng
_aeng
082 _aY16:4582, N4
100 _aArcher John Ed.
_952253
245 0 _aMale voilence
260 _aLondon
_bRoutledge
_c1994
300 _axiii,414p
_ccm.
500 _aBibliography chapterwise
650 _aMen Sociology
_9238037
942 _hY16:4582, N4
_cGB
_2CC
999 _c579177
_d579177